Aesop's fables; (Record no. 232492)

000 -LEADER
fixed length control field 00716cam a2200241u 4500
001 - CONTROL NUMBER
control field 9699346
003 - CONTROL NUMBER IDENTIFIER
control field Nust
005 - DATE AND TIME OF LATEST TRANSACTION
control field 20170220094103.0
008 - FIXED-LENGTH DATA ELEMENTS--GENERAL INFORMATION
fixed length control field 810217s1934 wiu j 000 0 eng
010 ## - LIBRARY OF CONGRESS CONTROL NUMBER
LC control number 34031443
020 ## - INTERNATIONAL STANDARD BOOK NUMBER
International Standard Book Number 9780140369847
040 ## - CATALOGING SOURCE
Original cataloging agency DLC
Transcribing agency CarP
Modifying agency DLC
050 00 - LIBRARY OF CONGRESS CALL NUMBER
Classification number PZ8.2.A254
Item number Smo
082 ## - DEWEY DECIMAL CLASSIFICATION NUMBER
Classification number 823
Author Mark HAN
130 0# - MAIN ENTRY--UNIFORM TITLE
Uniform title Aesop's fables.
Language of a work English
245 10 - TITLE STATEMENT
Title Aesop's fables;
Statement of responsibility, etc. Translated by S. A. Handford
260 ## - PUBLICATION, DISTRIBUTION, ETC.
Place of publication, distribution, etc. Racine, Wis.,
Name of publisher, distributor, etc. Whitman publishing company
Date of publication, distribution, etc. 1954
300 ## - PHYSICAL DESCRIPTION
Extent 212p.
650 #0 - SUBJECT ADDED ENTRY--TOPICAL TERM
Topical term or geographic name entry element Fables, Greek
Form subdivision Adaptations.
650 #1 - SUBJECT ADDED ENTRY--TOPICAL TERM
Topical term or geographic name entry element Fables.
700 0# - ADDED ENTRY--PERSONAL NAME
Personal name Aesop.
700 1# - ADDED ENTRY--PERSONAL NAME
Personal name Smock, Nell Stolp, [from old catalog]
Relator term illus.
906 ## - LOCAL DATA ELEMENT F, LDF (RLIN)
a 0
b cbc
c premunv
d u
e ncip
f 19
g y-gencatlg
942 ## - ADDED ENTRY ELEMENTS (KOHA)
Source of classification or shelving scheme
Koha item type Book
Holdings
Withdrawn status Lost status Source of classification or shelving scheme Damaged status Not for loan Permanent Location Current Location Shelving location Date acquired Total Checkouts Full call number Barcode Date last seen Copy number Price effective from Koha item type
          Central Library (CL) Central Library (CL) Fiction 02/20/2017   398.2452 HAN CL687 04/25/2019 1 02/20/2017 Book
© 2023 Central Library, National University of Sciences and Technology. All Rights Reserved.